| 000 | 02096nam0a2200361 i 4500 | ||
|---|---|---|---|
| 001 | RU\NLR\BIBL_A\010867456 | ||
| 005 | 20241103101104.0 | ||
| 010 |
_a9785929313769 _9100 |
||
| 021 |
_aRU _b2015-75454 _919 |
||
| 021 |
_aRU _b2015-75454 _94550 |
||
| 035 | _a(NILC)RuMoRGB-008031959 | ||
| 035 | _a(NLR Aleph) 010867456 | ||
| 090 |
_a10451545 _c10451545 |
||
| 100 | _a20151023d2015 km y0rusy50 ca | ||
| 101 | 0 | _arus | |
| 102 | _aRU | ||
| 105 | _aa|||j|||000yy | ||
| 200 | 1 |
_aГидравлика и теплотехника _eучебно-методическое пособие _e[для студентов направления 44.03.05 "Педагогическое образование", профили "Безопасность жизнедеятельности", "Безопасность жизнедеятельности и география", "Технология и экономика"] _fГ. И. Голобокова _gМ-во образования и науки Рос. Федерации, Федер. гос. бюджет. образоват. учреждение высш. проф. образования "Забайкал. гос. ун-т" |
|
| 210 |
_aЧита _cЗабайкальский государственный университет _d2015 |
||
| 215 |
_a135 с. _cил., табл. _d21 |
||
| 320 | _aБиблиогр.: с. 134-135 (22 назв.) | ||
| 512 | 1 | _aГидравлика и гидротехника | |
| 606 |
_aГидравлика _jУчебно-методические пособия для высших учебных заведений _91059651 _3RU\NLR\AUTH\6692643 |
||
| 606 |
_aТеплотехника _jУчебно-методические пособия для высших учебных заведений _9940978 _3RU\NLR\AUTH\6629507 |
||
| 686 | 1 | _aЖ123я73-1 | |
| 686 | 1 | _aЗ3я73-1 | |
| 700 | 1 |
_aГолобокова _bГ. И. _gГалина Ивановна |
|
| 801 | 0 |
_aRU _bРГБ _c20150930 _gRCR |
|
| 801 | 1 |
_aRU _bРГБ _c20150930 _2rusmarc |
|
| 942 | _cBOOK | ||
| 980 | _aNBR | ||